Random questions #2 - Statistics

Statistiche generali
  • Questo quiz è stato fatto 41 volte
  • Il punteggio medio è 10 su 15
Statistiche sulle risposte
Domanda Risposta % Corretto
When did Italy became a republic 2 june 1946
100%
who invented the radio Gugliemo Marconi
100%
Capital of Ottawa It doesn't have a capital, it's already a capital.
100%
What's the biggest planet on our solar system Jupiter
100%
Capital of Canada Ottawa
100%
What's the biggest archipelago in the world Indonesia
86%
What's the biggest Ocean in the world Pacific
86%
The smallest country Vatican City
86%
How many country are double landlocked 2
71%
Which city hosted the 2010 olympics games Vancouver
57%
What's the biggest landlocked country in the world Kazakhstan
43%
What's the biggest island Australia
29%
Who's the smartest person ever Nikola Tesla
29%
what's the poorest country South Sudan
29%
What's the biggest mountain in the world Mauna Kea
0%
Nessun quiz corrispondente trovato
Distribuzione punteggi
Percentuale di utenti per punteggio
Percentile per numero di risposta
I tuoi punteggi nel tempo
Non hai fatto questo quiz